000 00700nam a2200217 a 4500
001 BRCA_6885
005 20190320205628.0
008 111111s1916----gw-ac#####---#000-0#ger-#
041 _ager
044 _agw
050 4 _aD591
_b.F67 1916
245 1 0 _aAls U-Boots-Kommandant gegen England
_cvon Günther Georg, Freiherrn von Forstner
260 _aBerlín
_bUllstein & Co.
_c1916
300 _a222 p.
_bil.
_c19 cm.
500 _aO81
600 1 4 _aForstner, Georg-Günther
_cFreiherr von
_d1882-1940
_917150
650 1 4 _aPrimera Guerra Mundial
_vSubmarino
_xOperaciones Navales
_y1914-1918
_917151
650 1 4 _aCapitanes de submarino
_xBiografía
_zAlemania
_917152
902 _aGFM
942 _2lcc
_cB
999 _c6567
_d6567